| 000 | 00960nam a2200337 a 4500 | ||
|---|---|---|---|
| 003 | AR-BaBNM | ||
| 005 | 20251128205848.0 | ||
| 008 | 082120s2002 ||||||||||||||000 | spa|| | ||
| 020 | _a950-05-0949-0 | ||
| 040 | _cAR-BaBNM | ||
| 100 | 1 | _aSilleta, Alfredo | |
| 245 | 0 | 0 |
_aEl grito de los inocentes _btráfico y venta de niños en la Argentina : adopciones ilegales, robo y prostitución infantil |
| 260 |
_aBuenos Aires _bEdiciones Corregidor _c1996 |
||
| 300 | _a126 p. | ||
| 500 | _aContiene anexo documental en p. 91 | ||
| 650 | 4 | _aDELITOS SEXUALES | |
| 650 | 4 | _aDERECHO DE FAMILIA | |
| 650 | 4 | _aDERECHOS DEL NIÑO | |
| 650 | 4 | _aADOPCION | |
| 650 | 4 | _aTUTELA DE MENORES | |
| 650 | 4 | _aLEGISLACION ARGENTINA | |
| 650 | 4 | _aPROBLEMAS SOCIALES | |
| 650 | 4 | _aPROSTITUCION | |
| 650 | 4 | _aDROGADICCION | |
| 650 | 4 | _aPOBREZA | |
| 650 | 4 | _aVIOLENCIA | |
| 650 | 4 | _aABUSO DE MENORES | |
| 653 | _aFILIACION | ||
| 942 | _cBK | ||
| 998 | _cMARTIN | ||
| 999 |
_c13062 _d13062 |
||